[Event "Regina Helena Marques 5th"]
[Site "Santos"]
[Date "2007.05.24"]
[Round "8"]
[White "Lima, Diiniz Neves"]
[Black "Limberg, Estacio Vermelho"]
[Result "0-1"]
[WhiteElo "2137"]
[BlackElo "2255"]
[PlyCount "103"]
[EventDate "2007.05.19"]
[EventType "tourn"]
[EventRounds "11"]
[EventCountry "BRA"]
[EventCategory "3"]
[SourceTitle "CBM 118 Extra"]
[Source "ChessBase"]
[SourceDate "2007.07.04"]
[SourceVersion "1"]
[SourceVersionDate "2007.07.04"]
[SourceQuality "1"]

1. e4 e5 2. Bc4 Bc5 3. Nf3 d6 4. d4 exd4 5. Nxd4 Nc6 6. Nxc6 bxc6 7. Qf3 Qf6 8. Qg3 Be6 9. Bxe6 fxe6 10. Nc3 Ne7 11. Na4 Bd4 12. c3 Bb6 13. Nxb6 axb6 14. Bg5 Qg6 15. 0-0 h6 16. Bxe7 Qxg3 17. hxg3 Kxe7 18. g4 Rhf8 19. f3 b5 20. a3 c5 21. Rac1 Ra4 22. Rf2 Kd7 23. Rd2 Rb8 24. Kf2 Ra7 25. Ke3 b4 26. axb4 cxb4 27. cxb4 Rxb4 28. Rcc2 Rab7 29. Ke2 Rb3 30. Kf2 R7b5 31. Ke2 d5 32. exd5 exd5 33. Kd1 Kd6 34. Kc1 c5 35. Rc3 d4 36. Rxb3 Rxb3 37. Kc2 Rb7 38. Re2 Kd5 39. Re8 Kc4 40. Rd8 d3+ 41. Kc1 Re7 42. g3 Re1+ 43. Kd2 Re2+ 44. Kc1 Rg2 45. Rd7 Rxg3 46. Rxg7 Rxf3 47. g5 hxg5 48. Rxg5 Rf1+ 49. Kd2 Rf2+ 50. Kc1 Rc2+ 51. Kb1 Kb3 52. Rxc5 0-1

[Event "Regina Helena Marques 5th"]
[Site "Santos"]
[Date "2007.05.23"]
[Round "6"]
[White "Lima, Diiniz Neves"]
[Black "Viana da Costa, Fernando"]
[Result "0-1"]
[WhiteElo "2137"]
[BlackElo "2288"]
[PlyCount "60"]
[EventDate "2007.05.19"]
[EventType "tourn"]
[EventRounds "11"]
[EventCountry "BRA"]
[EventCategory "3"]
[SourceTitle "CBM 118 Extra"]
[Source "ChessBase"]
[SourceDate "2007.07.04"]
[SourceVersion "1"]
[SourceVersionDate "2007.07.04"]
[SourceQuality "1"]

1. e4 d6 2. d4 g6 3. Nc3 Bg7 4. Be3 a6 5. Qd2 b5 6. h4 h5 7. Nh3 Bb7 8. Ng5 Nf6 9. f3 Nbd7 10. Rd1 0-0 11. g4 c5 12. gxh5 Nxh5 13. dxc5 Nxc5 14. Bd4 Nd7 15. Bxg7 Kxg7 16. f4 Qb6 17. Ne2 Ndf6 18. Bg2 Rac8 19. Bf3 d5 20. e5 Ne4 21. Qd4 Qxd4 22. Nxd4 Nxf4 23. Rg1 Nxg5 24. Rxg5 f6 25. exf6+ Rxf6 26. h5 Rc7 27. hxg6 Kh6 28. Rg4 Nxg6 29. Rd2 e5 30. Rh2+ Kg7 0-1

[Event "Regina Helena Marques 5th"]
[Site "Santos"]
[Date "2007.05.20"]
[Round "2"]
[White "Lima, Diiniz Neves"]
[Black "Molina, Roberto Junio Brito"]
[Result "0-1"]
[WhiteElo "2137"]
[BlackElo "2353"]
[PlyCount "94"]
[EventDate "2007.05.19"]
[EventType "tourn"]
[EventRounds "11"]
[EventCountry "BRA"]
[EventCategory "3"]
[SourceTitle "CBM 118 Extra"]
[Source "ChessBase"]
[SourceDate "2007.07.04"]
[SourceVersion "1"]
[SourceVersionDate "2007.07.04"]
[SourceQuality "1"]

1. e4 c5 2. c3 d5 3. exd5 Qxd5 4. d4 cxd4 5. cxd4 Nf6 6. Nc3 Qd6 7. Nf3 e6 8. Ne5 Be7 9. Bf4 Qd8 10. Be2 0-0 11. 0-0 Nbd7 12. Bf3 Nb6 13. Bg3 Nbd5 14. Qb3 Qa5 15. Nc4 Qb4 16. Qxb4 Bxb4 17. Nxd5 Nxd5 18. Bxd5 exd5 19. Bd6 dxc4 20. Bxb4 Rd8 21. Rfd1 Be6 22. Be7 Rd7 23. Bg5 f6 24. Be3 b5 25. a3 a5 26. f3 Rb8 27. Bf2 Kf7 28. Be1 b4 29. axb4 axb4 30. Ra4 c3 31. d5 Bf5 32. bxc3 Bc2 33. Raa1 Bxd1 34. Rxd1 bxc3 35. Bxc3 Rbd8 36. Rb1 Rxd5 37. Kf2 R8d7 38. h4 Rc5 39. Rb3 h5 40. Kg3 Kg6 41. Be1 Rc1 42. Re3 Rc2 43. Bb4 Rb7 44. Bc3 Ra7 45. Bd4 Raa2 46. Re7 Rxg2+ 47. Kf4 Rh2 0-1

[Event "Sao Paulo IRT5 op"]
[Site "Sao Paulo"]
[Date "2006.10.14"]
[Round "6"]
[White "Lima, Diiniz Neves"]
[Black "De Souza, Danilo Cristiano"]
[Result "1-0"]
[WhiteElo "2176"]
[BlackElo "2036"]
[PlyCount "81"]
[EventDate "2006.10.12"]
[EventType "swiss"]
[EventRounds "7"]
[EventCountry "BRA"]
[SourceTitle "CBM 114 Extra"]
[Source "ChessBase"]
[SourceDate "2006.11.03"]
[SourceVersion "1"]
[SourceVersionDate "2006.11.03"]
[SourceQuality "1"]

1. e4 d6 2. d4 Nf6 3. Nc3 g6 4. f4 Bg7 5. Nf3 0-0 6. Bc4 c6 7. e5 dxe5 8. dxe5 Qxd1+ 9. Nxd1 Nd5 10. 0-0 Bf5 11. Bxd5 cxd5 12. Ne3 Rd8 13. Nxf5 gxf5 14. Nd4 e6 15. Be3 Nc6 16. c3 Bf8 17. Rad1 Bc5 18. Nxf5 Be7 19. Nd4 Bc5 20. Nc2 Be7 21. Bd4 b6 22. f5 Bc5 23. b4 Bf8 24. fxe6 fxe6 25. Rf6 Re8 26. Rd3 Bg7 27. Rg3 Kh8 28. Rf7 Bxe5 29. Rh3 Nxd4 30. Rhxh7+ Kg8 31. Nxd4 Rac8 32. Ne2 Bxc3 33. Nxc3 Rxc3 34. Rfg7+ Kf8 35. h4 e5 36. h5 Rc6 37. Rxa7 Kg8 38. g4 Rc1+ 39. Kg2 Rec8 40. Rag7+ Kf8 41. h6 1-0

[Event "Paulista-ch"]
[Site "Americana"]
[Date "2006.06.??"]
[Round "5"]
[White "Lima, Diiniz Neves"]
[Black "Caporale, Giuseppe Guido"]
[Result "1-0"]
[WhiteElo "2145"]
[BlackElo "1861"]
[PlyCount "131"]
[EventDate "2006.06.22"]
[EventType "swiss"]
[EventRounds "7"]
[EventCountry "BRA"]
[SourceTitle "EXT 2022"]
[Source "ChessBase"]
[SourceDate "2021.10.06"]
[SourceVersion "1"]
[SourceVersionDate "2021.10.06"]
[SourceQuality "1"]

1. e4 c5 2. c3 d5 3. exd5 Qxd5 4. d4 Nc6 5. Nf3 Nf6 6. Be2 e6 7. 0-0 Be7 8. Na3 0-0 9. Nb5 Qd7 10. dxc5 Bxc5 11. b4 Be7 12. Qc2 a6 13. Rd1 Nd5 14. Nbd4 Qc7 15. Bb2 Bf6 16. a3 b5 17. c4 Nxd4 18. Bxd4 bxc4 19. Qxc4 Bxd4 20. Nxd4 Bb7 21. Qxc7 Nxc7 22. Nb3 Bd5 23. Nc5 Nb5 24. Bf1 Rfb8 25. Rdc1 a5 26. Nd7 Rb7 27. Nc5 Rbb8 28. Nd7 Rb7 29. bxa5 f6 30. Nc5 Rbb8 31. Nd7 Rb7 32. a6 Rxd7 33. Bxb5 Rda7 34. Rc5 Kf7 35. Rac1 Ke7 36. Rc8 Kd6 37. f4 Rxc8 38. Rxc8 Rc7 39. Rxc7 Kxc7 40. Kf2 Kb6 41. a4 g6 42. g3 h6 43. Ke3 e5 44. fxe5 fxe5 45. Bd3 Bc6 46. a5+ Ka7 47. Be4 Ba4 48. Bd3 Bc6 49. Be2 g5 50. Kd2 g4 51. Kc3 Bf3 52. Bf1 e4 53. Kb4 h5 54. Kc3 Bh1 55. Bc4 Bf3 56. Bb5 Bg2 57. Kd4 Kb8 58. Ke3 Ka8 59. Kd4 Ka7 60. Bc6 Kxa6 61. Bxe4 Bh3 62. Ke3 Kxa5 63. Kf4 Kb5 64. Kg5 Kc5 65. Bf5 Kd6 66. Kxh5 1-0

[Event "BRA-ch sf"]
[Site "Sao Paulo"]
[Date "2005.12.??"]
[Round "1"]
[White "Lima, Diiniz Neves"]
[Black "Asfora, Marco Antonio Hazin"]
[Result "0-1"]
[WhiteElo "2133"]
[BlackElo "2297"]
[PlyCount "106"]
[EventDate "2005.12.08"]
[EventType "swiss"]
[EventRounds "7"]
[EventCountry "BRA"]
[SourceTitle "EXT 2022"]
[Source "ChessBase"]
[SourceDate "2021.10.06"]
[SourceVersion "1"]
[SourceVersionDate "2021.10.06"]
[SourceQuality "1"]

1. e4 e5 2. Bc4 Nf6 3. d4 exd4 4. Nf3 Nc6 5. e5 d5 6. Bb5 Ne4 7. Nxd4 Bd7 8. Bxc6 bxc6 9. 0-0 Bc5 10. f3 Ng5 11. Kh1 0-0 12. Nb3 Bb6 13. a4 a6 14. Na3 Ne6 15. f4 f5 16. Qd3 Qe7 17. a5 Bc5 18. c4 Bxa3 19. Rxa3 Rab8 20. cxd5 cxd5 21. Qxd5 Bb5 22. Re1 Rfd8 23. Qf3 Rd3 24. Qf2 Bc6 25. Nd2 Rxa3 26. bxa3 Qd7 27. Nf3 h6 28. Qe2 Rb3 29. Nh4 Be4 30. Qxa6 Kh7 31. Qf1 Qc6 32. Be3 Rxa3 33. a6 Rxa6 34. Rc1 Qa8 35. Qc4 Rc6 36. Qf1 Rxc1 37. Bxc1 Qd5 38. Nf3 c5 39. Nd2 Nd4 40. Nxe4 Qxe4 41. h3 Ne6 42. Kh2 c4 43. g4 c3 44. Kg3 c2 45. gxf5 Qxf5 46. Qc4 h5 47. Kf3 Qxh3+ 48. Ke4 Qg2+ 49. Kd3 Qf1+ 50. Kc3 Qxc4+ 51. Kxc4 Kg6 52. Kd3 Kf5 53. Kxc2 Nxf4 0-1

[Event "BRA-ch sf"]
[Site "Sao Paulo"]
[Date "2005.12.??"]
[Round "6"]
[White "Schutt, Ricardo de Amorim"]
[Black "Lima, Diiniz Neves"]
[Result "1/2-1/2"]
[WhiteElo "2157"]
[BlackElo "2133"]
[PlyCount "31"]
[EventDate "2005.12.08"]
[EventType "swiss"]
[EventRounds "7"]
[EventCountry "BRA"]
[SourceTitle "EXT 2022"]
[Source "ChessBase"]
[SourceDate "2021.10.06"]
[SourceVersion "1"]
[SourceVersionDate "2021.10.06"]
[SourceQuality "1"]

1. e4 d5 2. exd5 Nf6 3. d4 Nxd5 4. Nf3 Bg4 5. Be2 Nc6 6. 0-0 Qd6 7. c3 0-0-0 8. Ne5 Bxe2 9. Qxe2 Nxe5 10. dxe5 Qd7 11. c4 Nb4 12. Nc3 Qd3 13. Qg4+ Qd7 14. Qe2 Qd3 15. Qg4+ Qd7 16. Qe2 1/2-1/2

[Event "Sao Paulo Interclubs"]
[Site "Sao Paulo"]
[Date "2003.??.??"]
[Round "1"]
[White "Leitao, Rafael Duailibe"]
[Black "Lima, Diiniz Neves"]
[Result "1-0"]
[WhiteElo "2529"]
[BlackElo "2077"]
[PlyCount "51"]
[EventDate "2003.03.08"]
[EventType "team"]
[EventRounds "7"]
[EventCountry "BRA"]
[SourceTitle "CBM 093 Extra"]
[Source "ChessBase"]
[SourceDate "2003.05.09"]
[SourceVersion "1"]
[SourceVersionDate "2003.05.09"]
[SourceQuality "1"]

1. e4 c5 2. Nf3 d6 3. d4 cxd4 4. Nxd4 Nf6 5. Nc3 a6 6. Bc4 e6 7. Bb3 b5 8. Bg5 Bb7 9. Bxe6 fxe6 10. Nxe6 Qd7 11. Nd5 Bxd5 12. exd5 Ra7 13. Bxf6 gxf6 14. 0-0 Qf7 15. Qd4 Rb7 16. c4 b4 17. Rfe1 Kd7 18. Rac1 Rg8 19. c5 dxc5 20. Nxc5+ Bxc5 21. Qxc5 Re8 22. Re6 Qf8 23. Qe3 a5 24. Rcc6 Rc8 25. Re7+ Qxe7 26. Qh3+ 1-0

[Event "Sao Paulo Interclubs"]
[Site "Sao Paulo"]
[Date "2003.??.??"]
[Round "2"]
[White "Lima, Diiniz Neves"]
[Black "Pelikian, Jefferson"]
[Result "0-1"]
[WhiteElo "2077"]
[BlackElo "2407"]
[PlyCount "58"]
[EventDate "2003.03.08"]
[EventType "team"]
[EventRounds "7"]
[EventCountry "BRA"]
[SourceTitle "CBM 093 Extra"]
[Source "ChessBase"]
[SourceDate "2003.05.09"]
[SourceVersion "1"]
[SourceVersionDate "2003.05.09"]
[SourceQuality "1"]

1. e4 c5 2. Nf3 Nc6 3. d4 cxd4 4. Nxd4 g6 5. Nc3 Bg7 6. Be3 Nf6 7. Bc4 d6 8. f3 Bd7 9. Qd2 h5 10. h4 Ne5 11. Bb3 a5 12. a4 Rc8 13. Ndb5 Nc4 14. Bxc4 Rxc4 15. b3 Rc8 16. Bd4 Bxb5 17. axb5 e5 18. Be3 Qc7 19. Ne2 d5 20. exd5 Qxc2 21. Qxc2 Rxc2 22. Rxa5 Nxd5 23. Bd2 0-0 24. Ra7 Rb8 25. Rf1 Rb2 26. Nc1 Bf8 27. Kd1 Rd8 28. Ke1 Ne3 29. Rf2 Bb4 0-1

[Event "Sao Paulo-ch fin"]
[Site "Serra Negra"]
[Date "2002.??.??"]
[Round "?"]
[White "Capatti, Eduardo"]
[Black "Lima, Diiniz Neves"]
[Result "1-0"]
[WhiteElo "2162"]
[BlackElo "2094"]
[PlyCount "79"]
[EventDate "2002.05.30"]
[EventType "swiss"]
[EventRounds "9"]
[EventCountry "BRA"]
[SourceTitle "CBM 088 Extra"]
[Source "ChessBase"]
[SourceDate "2002.07.01"]
[SourceVersion "2"]
[SourceVersionDate "2002.07.01"]
[SourceQuality "1"]

1. e4 c5 2. Nf3 Nc6 3. d4 cxd4 4. Nxd4 g6 5. c4 Bg7 6. Be3 Nf6 7. f3 0-0 8. Qd2 e6 9. Nc3 d5 10. Nxc6 bxc6 11. Rd1 Qa5 12. Be2 Ba6 13. cxd5 cxd5 14. Nxd5 Qxd2+ 15. Rxd2 exd5 16. Bxa6 dxe4 17. Kf2 Rfe8 18. Rhd1 h5 19. a4 Kh7 20. a5 exf3 21. gxf3 Bh6 22. Bxh6 Kxh6 23. b4 Rab8 24. Rd4 Re7 25. Rc1 Kg7 26. Rc8 Rxc8 27. Bxc8 Rc7 28. Ba6 Rc2+ 29. Be2 g5 30. b5 g4 31. fxg4 Nxg4+ 32. Ke1 Ra2 33. a6 Nxh2 34. Bxh5 Ra3 35. Rd7 Nf3+ 36. Bxf3 Rxf3 37. Rxa7 Kf6 38. Rb7 Ke6 39. a7 Ra3 40. b6 1-0

[Event "Sao Paulo-ch 6th leg"]
[Site "Sao Paulo"]
[Date "2002.??.??"]
[Round "4"]
[White "Lima, Diiniz Neves"]
[Black "Sega, Carlos Alberto"]
[Result "0-1"]
[WhiteElo "2094"]
[BlackElo "2326"]
[PlyCount "80"]
[EventDate "2002.08.10"]
[EventType "swiss"]
[EventRounds "6"]
[EventCountry "BRA"]
[SourceTitle "EXT 2003"]
[Source "ChessBase"]
[SourceDate "2002.11.25"]
[SourceVersion "1"]
[SourceVersionDate "2002.11.25"]
[SourceQuality "1"]

1. e4 e5 2. Bc4 Nf6 3. d4 exd4 4. Nf3 Nc6 5. e5 d5 6. Bb5 Ne4 7. Nxd4 Bd7 8. Bxc6 bxc6 9. 0-0 Bc5 10. f3 Ng5 11. Kh1 0-0 12. Nb3 Bb6 13. a4 a5 14. Na3 Ne6 15. c4 Bc8 16. Qc2 Nd4 17. Nxd4 Bxd4 18. Bf4 dxc4 19. Nxc4 Be6 20. Rad1 c5 21. b3 Qb8 22. Rfe1 Qb7 23. Bd2 Rfb8 24. Rb1 Qc8 25. Rbc1 Bd5 26. Qd3 Ra6 27. Be3 Rg6 28. Bxd4 cxd4 29. Qxd4 Qh3 30. Ne3 Bxf3 31. Rc2 c5 32. Qf4 Ba8 33. e6 Rf8 34. exf7+ Kh8 35. Qe5 Rf6 36. Nd5 Qxb3 37. Nxf6 Qxc2 38. Nd5 Bxd5 39. Qxd5 Qf2 40. Rb1 Qxf7 0-1

[Event "Itau Cup 5th"]
[Site "Sao Paulo"]
[Date "2001.10.20"]
[Round "8"]
[White "Lima, Diiniz Neves"]
[Black "Crosa Coll, Martin"]
[Result "0-1"]
[WhiteElo "2121"]
[BlackElo "2308"]
[PlyCount "74"]
[EventDate "2001.10.13"]
[EventType "swiss"]
[EventRounds "9"]
[EventCountry "BRA"]
[SourceTitle "CBM 084 Extra"]
[Source "ChessBase"]
[SourceDate "2001.10.26"]
[SourceVersion "1"]
[SourceVersionDate "2001.10.26"]
[SourceQuality "1"]

1. b3 c5 2. Bb2 Nc6 3. e3 Nf6 4. f4 d5 5. Nf3 g6 6. Be2 Bg7 7. 0-0 0-0 8. Ne5 Qd6 9. Na3 a6 10. Nxc6 Qxc6 11. Bf3 Rd8 12. Nc4 b5 13. Ne5 Qd6 14. a4 Bb7 15. axb5 axb5 16. Qe2 Qb6 17. d4 c4 18. bxc4 bxc4 19. Ba3 Qc7 20. Bc5 Ne8 21. Qd2 f6 22. Ng4 e5 23. fxe5 f5 24. Rab1 fxg4 25. Bxg4 Ra6 26. Rf4 h5 27. Bh3 Bh6 28. Rf3 Bc8 29. Qf2 Bxh3 30. gxh3 Ng7 31. Rf8+ Kh7 32. Bd6 Qd7 33. Rxd8 Qxd8 34. Kf1 Qd7 35. Ke2 Ra2 36. Qf8 Qxh3 37. Rb8 Qxe3+ 0-1

[Event "Paulisto-ch Clas3"]
[Site "Registro"]
[Date "1999.??.??"]
[Round "3"]
[White "Lima, Diiniz Neves"]
[Black "Matsuura, Everaldo"]
[Result "1-0"]
[WhiteElo "2093"]
[BlackElo "2380"]
[PlyCount "51"]
[EventDate "1999.??.??"]
[EventType "swiss"]
[EventRounds "6"]
[EventCountry "BRA"]
[SourceTitle "EXT 2000"]
[Source "ChessBase"]
[SourceDate "1999.11.16"]
[SourceVersion "1"]
[SourceVersionDate "1999.11.16"]
[SourceQuality "1"]

1. c4 c6 2. Nf3 d5 3. cxd5 cxd5 4. g3 Nc6 5. Bg2 e5 6. d3 Nf6 7. 0-0 Be7 8. b3 0-0 9. Bb2 Bd6 10. Nbd2 Qe7 11. Re1 b6 12. e4 Nb4 13. d4 Nxe4 14. dxe5 Bc5 15. Rxe4 dxe4 16. Nxe4 Bb7 17. Nfg5 Bxe4 18. Nxe4 Rad8 19. Nf6+ Kh8 20. Qh5 gxf6 21. Be4 f5 22. Bxf5 f6 23. exf6 Qf7 24. Qh6 Bxf2+ 25. Kxf2 Nd3+ 26. Bxd3 1-0

[Event "Paulisto-ch"]
[Site "Piracicaba"]
[Date "1999.??.??"]
[Round "2"]
[White "Lima, Diiniz Neves"]
[Black "Van Riemsdijk, Herman Claudius"]
[Result "0-1"]
[WhiteElo "2093"]
[BlackElo "2418"]
[PlyCount "40"]
[EventDate "1999.06.??"]
[EventType "swiss"]
[EventRounds "5"]
[EventCountry "BRA"]
[SourceTitle "EXT 2002"]
[Source "ChessBase"]
[SourceDate "2001.11.25"]
[SourceVersion "1"]
[SourceVersionDate "2001.11.25"]
[SourceQuality "1"]

1. e4 e5 2. Bc4 Nf6 3. d4 exd4 4. Nf3 Nc6 5. e5 d5 6. Bb5 Ne4 7. Nxd4 Bc5 8. 0-0 0-0 9. Bxc6 bxc6 10. f3 f6 11. fxe4 fxe5 12. Rxf8+ Qxf8 13. Be3 exd4 14. Bxd4 Bg4 15. Qd2 dxe4 16. Qe3 Rd8 17. c3 Qf6 18. Nd2 Rxd4 19. Rf1 Rd5 20. Qxc5 Qxf1+ 0-1

[Event "Paulisto-ch Clas3"]
[Site "Registro"]
[Date "1999.??.??"]
[Round "4"]
[White "Tsuboi, Edson Kenji"]
[Black "Lima, Diiniz Neves"]
[Result "1/2-1/2"]
[WhiteElo "2330"]
[BlackElo "2093"]
[PlyCount "82"]
[EventDate "1999.??.??"]
[EventType "swiss"]
[EventRounds "6"]
[EventCountry "BRA"]
[SourceTitle "EXT 2000"]
[Source "ChessBase"]
[SourceDate "1999.11.16"]
[SourceVersion "1"]
[SourceVersionDate "1999.11.16"]
[SourceQuality "1"]

1. e4 c5 2. Nf3 Nc6 3. d4 cxd4 4. Nxd4 g6 5. c4 Bg7 6. Be3 Nf6 7. Nc3 0-0 8. Be2 b6 9. 0-0 Bb7 10. f3 Rc8 11. Qd2 Nh5 12. Rad1 Nf4 13. Bxf4 Nxd4 14. Bd3 d6 15. Be3 Qd7 16. Rc1 Rfd8 17. Rfd1 Qe8 18. Kh1 Ne6 19. Bf1 Qf8 20. b4 h5 21. Nd5 Kh7 22. Bd3 Nc7 23. Nf4 Bh6 24. a4 Bc6 25. Ra1 Bd7 26. Bf1 e5 27. Ne2 Be6 28. Bxh6 Qxh6 29. Qxh6+ Kxh6 30. Nc3 Na6 31. Nb5 Nxb4 32. Nxd6 Rb8 33. Rd2 Nc6 34. Rad1 Nd4 35. Nb5 Rbc8 36. Nxd4 Rxd4 37. Rxd4 exd4 38. Rxd4 Rc5 39. Be2 a6 40. Kg1 Ra5 41. Bd1 Rc5 1/2-1/2

[Event "Itau Mercosul Cup 2nd"]
[Site "Sao Paulo"]
[Date "1998.09.16"]
[Round "9"]
[White "Lima, Diiniz Neves"]
[Black "Molina, Jorge"]
[Result "1-0"]
[WhiteElo "2050"]
[BlackElo "2185"]
[PlyCount "117"]
[EventDate "1998.09.??"]
[EventType "swiss"]
[EventRounds "9"]
[EventCountry "BRA"]
[SourceTitle "EXT 1999"]
[Source "ChessBase"]
[SourceDate "1998.11.16"]
[SourceVersion "1"]
[SourceVersionDate "1998.11.16"]
[SourceQuality "1"]

1. e4 c6 2. d4 d5 3. Nc3 dxe4 4. Nxe4 Bf5 5. Ng3 Bg6 6. Nh3 Nf6 7. Nf4 Nbd7 8. Bc4 Nb6 9. Bb3 Nfd5 10. Nxd5 cxd5 11. 0-0 e6 12. f4 f5 13. Re1 Kf7 14. Qe2 Qd7 15. Nf1 Bd6 16. Nd2 Rhe8 17. Nf3 Kg8 18. Qd3 Qc7 19. g3 a6 20. Bd2 a5 21. a4 Re7 22. Ng5 Bf7 23. Re3 h6 24. Nxf7 Kxf7 25. Rae1 Qc6 26. Qe2 Qe8 27. Qh5+ Kf6 28. Qh4+ Kg6 29. g4 Kf7 30. gxf5 exf5 31. Rxe7+ Bxe7 32. Qh5+ g6 33. Qxh6 Qg8 34. Re5 Bf8 35. Qg5 Ra6 36. Rxd5 Nxd5 37. Bxd5+ Re6 38. Qd8 Kg7 39. Qd7+ Re7 40. Qxe7+ Bxe7 41. Bxg8 Kxg8 42. Bxa5 Bf6 43. c3 Kf7 44. Bc7 Ke6 45. Be5 Be7 46. c4 Bb4 47. Kf2 Bd2 48. Ke2 Bc1 49. Kd3 g5 50. d5+ Kd7 51. fxg5 Bxg5 52. b4 Bh4 53. c5 Bf2 54. Kc4 Be3 55. b5 b6 56. c6+ Kc8 57. d6 Bg5 58. a5 bxa5 59. b6 1-0